[Event "Commonwealth Chess Championship 2008"]
[Site "Nagpur India"]
[Date "2008.10.05"]
[Round "?"]
[White "Srinath, Narayanan"]
[Black "Jha, Sriram"]
[Result "1/2-1/2"]
[WhiteElo "2220"]
[BlackElo "2428"]
[PlyCount "32"]
[EventDate "2008.09.28"]
[Source "MonRoi"]

1. e4 e5 2. Nf3 Nc6 3. Bc4 Nf6 4. d3 Be7 5. O-O O-O 6. Re1 d6 7. a4 Na5 8. Ba2
c5 9. Bd2 Nc6 10. Nc3 Kh8 11. h3 Ne8 12. Nd5 Nc7 13. c3 Bf6 14. Be3 Nxd5 15.
Bxd5 Be6 16. d4 exd4 1/2-1/2

[Event "COMMONWEALTH CHESS CHAMPIONSHI"]
[Site "Nagpur,India"]
[Date "2008.10.05"]
[Round "10.31"]
[White "Jabbar, Abdul"]
[Black "Kamble, Vikramaditya"]
[Result "1-0"]
[WhiteElo "2211"]
[BlackElo "2376"]
[PlyCount "89"]
[EventDate "2008.09.28"]
[Source "MonRoi"]

1. e4 e6 2. d3 d5 3. Nd2 Nf6 4. g3 dxe4 5. dxe4 Bc5 6. Bg2 e5 7. Ngf3 b6 8. O-O
Ba6 9. Nxe5 Bxf1 10. Qxf1 c6 11. Nd3 Be7 12. b3 O-O 13. Bb2 Na6 14. Nc4 Nc5 15.
Qe2 Re8 16. Rd1 Nxd3 17. cxd3 Bf8 18. Qf3 Qe7 19. Ne3 Rad8 20. h4 Qe6 21. Kh2
Nd7 22. Bh3 Qd6 23. Nf5 Qc7 24. Nh6+ Kh8 25. Nxf7+ Kg8 26. Nxd8 Qxd8 27. d4 Qc7
28. e5 Kh8 29. Rc1 c5 30. Qf5 Nb8 31. d5 g6 32. e6+ Kg8 33. Qf6 Bg7 34. Qxg7+
Qxg7 35. Bxg7 Kxg7 36. d6 Rh8 37. Bg2 Kf6 38. Re1 h6 39. Bd5 a6 40. g4 g5 41.
h5 b5 42. e7 Re8 43. Re6+ Kg7 44. Rg6+ Kh7 45. Bf7 1-0

[Event "COMMONWEALTH CHESS CHAMPIONSHI"]
[Site "Nagpur,India"]
[Date "2008.10.05"]
[Round "10.33"]
[White "Shashikant, Kutwal"]
[Black "Venkata Ramana, J."]
[Result "1-0"]
[WhiteElo "2340"]
[BlackElo "2205"]
[PlyCount "80"]
[EventDate "2008.09.28"]
[Source "MonRoi"]

1. e4 g6 2. d4 c6 3. Nc3 d5 4. Nf3 Bg7 5. h3 Nh6 6. Bd3 f6 7. Qe2 Nf7 8. O-O
O-O 9. Re1 e5 10. dxe5 fxe5 11. a4 Be6 12. b3 Nd7 13. Ba3 Re8 14. Rad1 a6 15.
Bc1 Qc7 16. Nh2 Qd8 17. Rf1 Qh4 18. Kh1 Nc5 19. Rde1 Rad8 20. b4 Nxd3 21. cxd3
Qe7 22. Bd2 Qd7 23. Nf3 dxe4 24. Nxe4 Qxd3 25. Qxd3 Rxd3 26. Nc5 Ra3 27. Nxb7
Bc4 28. Ra1 Rxa4 29. Rxa4 Bxf1 30. Nc5 e4 31. Ng5 Nxg5 32. Bxg5 Bb5 33. Ra5 h6
34. Be3 Rd8 35. Nxe4 Rd1+ 36. Kh2 Be5+ 37. f4 Bc7 38. Ra3 Re1 39. Kg3 Rb1 40.
Nc3 Re1 1-0

[Event "COMMONWEALTH CHESS CHAMPIONSHI"]
[Site "Nagpur,India"]
[Date "2008.10.05"]
[Round "10.34"]
[White "Joshi, G B."]
[Black "Divyasri, Ch"]
[Result "1-0"]
[WhiteElo "2302"]
[BlackElo "2081"]
[PlyCount "65"]
[EventDate "2008.09.28"]
[Source "MonRoi"]

1. e4 e5 2. Nf3 Nc6 3. Bb5 a6 4. Ba4 Nf6 5. O-O Nxe4 6. d4 b5 7. Bb3 d5 8. dxe5
Be6 9. Nbd2 Bc5 10. Nxe4 dxe4 11. Ng5 Qxd1 12. Rxd1 Bxb3 13. axb3 e3 14. Bxe3
Bxe3 15. fxe3 O-O 16. Rd5 Rfe8 17. Nf3 Ne7 18. Rd7 c6 19. Rc7 h6 20. Kf2 a5 21.
Rd1 a4 22. bxa4 Rxa4 23. Rdd7 Kf8 24. Nd4 Rc4 25. c3 b4 26. cxb4 Rxb4 27. b3
Rb6 28. g4 g6 29. h4 Ra6 30. h5 gxh5 31. gxh5 Raa8 32. Kf3 Ra5 33. Rxe7 1-0

[Event "COMMONWEALTH CHESS CHAMPIONSHI"]
[Site "Nagpur,India"]
[Date "2008.10.05"]
[Round "10.35"]
[White "Rahman, Syed Mahfuzur"]
[Black "Mohana, Priya J"]
[Result "1-0"]
[WhiteElo "2297"]
[BlackElo "2048"]
[PlyCount "132"]
[EventDate "2008.09.28"]
[Source "MonRoi"]

1. e4 e5 2. Nf3 Nc6 3. Bb5 a6 4. Ba4 Nf6 5. O-O Be7 6. Re1 b5 7. Bb3 O-O 8. c3
d5 9. exd5 Nxd5 10. Nxe5 Nxe5 11. Rxe5 c6 12. d4 Bd6 13. Re1 Qh4 14. g3 Qh3 15.
Be3 Bg4 16. Qd3 Rae8 17. Nd2 f5 18. f4 Re6 19. Qf1 Qh5 20. Qg2 Kh8 21. Bxd5
cxd5 22. Qxd5 Rfe8 23. Bf2 Be2 24. Qg2 g5 25. d5 Re3 26. Bxe3 Rxe3 27. Nb3 gxf4
28. gxf4 Bxf4 29. Nd4 Bd3 30. d6 Be4 31. d7 Qh4 32. d8=Q+ Qxd8 33. Qg7+ Kxg7
34. Ne6+ Kf6 35. Nxd8 Rxe1+ 36. Rxe1 Bc7 37. Rxe4 fxe4 38. Nc6 a5 39. Kg2 Bb6
40. Kg3 Ke6 41. Kf4 Kd5 42. Ne7+ Ke6 43. Nc6 Kd5 44. Ne7+ Ke6 45. Nf5 e3 46.
Ng3 h5 47. Kf3 h4 48. Nf1 a4 49. h3 a3 50. b4 e2 51. Kxe2 Ke5 52. Kf3 Bd8 53.
Ne3 Bg5 54. Nc2 Bd2 55. Nxa3 Bxc3 56. Nxb5 Bxb4 57. Kg4 Be1 58. Nc7 Ke4 59. Ne6
Kd3 60. Nf4+ Kc3 61. Ng2 Bd2 62. Nxh4 Kb2 63. Nf3 Ba5 64. h4 Kxa2 65. h5 Kb3
66. h6 Kc4 1-0

[Event "COMMONWEALTH CHESS CHAMPIONSHI"]
[Site "Nagpur,India"]
[Date "2008.10.05"]
[Round "10.36"]
[White "Pranav, Shetty"]
[Black "Joshi, Pankaj"]
[Result "1/2-1/2"]
[WhiteElo "2138"]
[BlackElo "2281"]
[PlyCount "26"]
[EventDate "2008.09.28"]
[Source "MonRoi"]

1. e4 c5 2. Nf3 Nc6 3. d4 cxd4 4. Nxd4 Nf6 5. Nc3 d6 6. Bc4 Bd7 7. O-O g6 8.
Nxc6 Bxc6 9. Nd5 Bg7 10. Bg5 Bxd5 11. exd5 O-O 12. Re1 a6 13. c3 Re8 1/2-1/2

[Event "COMMONWEALTH CHESS CHAMPIONSHI"]
[Site "Nagpur,India"]
[Date "2008.10.05"]
[Round "10.37"]
[White "Matta, Vinay Kumar"]
[Black "Abhishek, Kelkar"]
[Result "1/2-1/2"]
[WhiteElo "2265"]
[BlackElo "2120"]
[PlyCount "62"]
[EventDate "2008.09.28"]
[Source "MonRoi"]

1. e4 c5 2. Nf3 d6 3. d4 cxd4 4. Nxd4 Nf6 5. Nc3 e6 6. Be3 Be7 7. g4 h6 8. f3
a6 9. Qd2 Qc7 10. O-O-O Nc6 11. h4 Nd7 12. Be2 b5 13. g5 b4 14. Na4 Nc5 15.
Nxc5 dxc5 16. Nxc6 Qxc6 17. gxh6 gxh6 18. Bxh6 c4 19. Bg7 c3 20. Qd4 cxb2+ 21.
Kb1 Rg8 22. Bf6 Bd7 23. Bxe7 Kxe7 24. Qxb4+ Ke8 25. Rd6 Qc7 26. Rhd1 Rc8 27.
Qd2 Ba4 28. Kxb2 Qxc2+ 29. Qxc2 Rxc2+ 30. Ka3 Rxe2 31. Kxa4 Re3 1/2-1/2

[Event "COMMONWEALTH CHESS CHAMPIONSHI"]
[Site "Nagpur,India"]
[Date "2008.10.05"]
[Round "10.38"]
[White "Girish, A  Koushik"]
[Black "Nadig, Kruttika"]
[Result "1-0"]
[WhiteElo "2108"]
[BlackElo "2240"]
[PlyCount "59"]
[EventDate "2008.09.28"]
[Source "MonRoi"]

1. d4 Nf6 2. Nf3 g6 3. c4 Bg7 4. Nc3 d5 5. h4 h5 6. Bf4 O-O 7. e3 c5 8. cxd5
Nxd5 9. Be5 Nc6 10. Bxg7 Kxg7 11. Bc4 Nxc3 12. bxc3 Qa5 13. Qd2 Bg4 14. Nh2 Bf5
15. O-O cxd4 16. exd4 Rfd8 17. Qb2 Qc7 18. Bb3 e5 19. Rad1 Kg8 20. Nf3 e4 21.
Ng5 Rd7 22. Rfe1 Re8 23. d5 Na5 24. Ba4 b5 25. Qxb5 Nc4 26. Ne6 fxe6 27. Qxd7
Re7 28. Qxc7 Rxc7 29. dxe6 Bxe6 30. Bb3 1-0

[Event "COMMONWEALTH CHESS CHAMPIONSHI"]
[Site "Nagpur,India"]
[Date "2008.10.05"]
[Round "10.40"]
[White "De Silva, Osheen"]
[Black "Rathnakaran, K."]
[Result "0-1"]
[WhiteElo "2022"]
[BlackElo "2453"]
[PlyCount "25"]
[EventDate "2008.09.28"]
[Source "MonRoi"]

1. d4 Nf6 2. c4 c5 3. d5 e6 4. Nc3 exd5 5. cxd5 d6 6. Bg5 Be7 7. Nf3 h6 8. h4
Nbd7 9. g3 Qa5 10. Rh3 c4 11. e4 Nc5 12. Bxc4 Nfxe4 13. Bxe7 0-1

[Event "COMMONWEALTH CHESS CHAMPIONSHI"]
[Site "Nagpur,India"]
[Date "2008.10.05"]
[Round "10.41"]
[White "Shyam, Nikil P"]
[Black "Pendalwar, Pankaj"]
[Result "1-0"]
[WhiteElo "2364"]
[BlackElo "2115"]
[PlyCount "78"]
[EventDate "2008.09.28"]
[Source "MonRoi"]

1. e4 c5 2. Nf3 d6 3. d4 cxd4 4. Nxd4 Nf6 5. Nc3 g6 6. Be3 Bg7 7. f3 O-O 8. Qd2
Nc6 9. O-O-O d5 10. exd5 Nxd5 11. Nxc6 bxc6 12. Bd4 e5 13. Bc5 Be6 14. Ne4 Rb8
15. c4 Qc7 16. Bd6 Qb7 17. Nc5 Qb6 18. Na4 Qa6 19. b3 Bf5 20. Bd3 Bxd3 21. Qxd3
Nb4 22. Qe2 e4 23. fxe4 Bh6+ 24. Kb1 Nd5 25. exd5 Qxa4 26. Bxb8 Rxb8 27. Qe8+
Rxe8 28. bxa4 cxd5 29. cxd5 Rd8 30. Rhe1 Bf8 31. h3 h5 32. Re3 Bd6 33. Kc2 f5
34. Re6 Kf7 35. Kd3 g5 36. Rh6 h4 37. Rh7+ Kg6 38. Rxa7 g4 39. a5 Be5 1-0

[Event "COMMONWEALTH CHESS CHAMPIONSHI"]
[Site "Nagpur,India"]
[Date "2008.10.05"]
[Round "10.43"]
[White "Das, Sayantan"]
[Black "Vishnu, Prasanna"]
[Result "0-1"]
[WhiteElo "2135"]
[BlackElo "2341"]
[PlyCount "66"]
[EventDate "2008.09.28"]
[Source "MonRoi"]

1. e4 c5 2. Nf3 Nc6 3. d4 cxd4 4. Nxd4 Nf6 5. Nc3 d6 6. Bc4 e6 7. Be3 a6 8. Qe2
Qc7 9. Bb3 Na5 10. g4 b5 11. g5 Nd7 12. f4 Nc5 13. f5 b4 14. fxe6 bxc3 15.
exf7+ Kd8 16. Bd5 cxb2 17. Rd1 Rb8 18. O-O Bd7 19. Nf5 Nc6 20. Bxc5 dxc5 21.
Qxa6 Nd4 22. Qd3 Qe5 23. c3 Nxf5 24. exf5 Bd6 25. Qd2 Kc7 26. Bb3 c4 27. Bxc4
Bc5+ 28. Kg2 Bc6+ 29. Bd5 Be3 30. Qd3 Qxd5+ 31. Qxd5 Bxd5+ 32. Rxd5 b1=Q 33.
Rxb1 Rxb1 0-1

[Event "COMMONWEALTH CHESS CHAMPIONSHI"]
[Site "Nagpur,India"]
[Date "2008.10.05"]
[Round "10.44"]
[White "Gajendra, Singh"]
[Black "Ramakrishna, J."]
[Result "1-0"]
[WhiteElo "2159"]
[BlackElo "2321"]
[PlyCount "42"]
[EventDate "2008.09.28"]
[Source "MonRoi"]

1. d4 Nf6 2. c4 e6 3. Nf3 b6 4. g3 Ba6 5. b3 Bb4+ 6. Bd2 Be7 7. Bg2 c6 8. Ne5
d5 9. Bc3 Nfd7 10. Nxd7 Nxd7 11. O-O O-O 12. Nd2 Rc8 13. e4 b5 14. Re1 dxe4 15.
Rxe4 Nf6 16. Re3 Re8 17. a4 Bb7 18. Ne4 bxc4 19. bxc4 Ba6 20. Bf1 Nxe4 21. Rxe4
Bf6 1-0

[Event "COMMONWEALTH CHESS CHAMPIONSHI"]
[Site "Nagpur,India"]
[Date "2008.10.05"]
[Round "10.45"]
[White "Antonio, Viani D'cunha"]
[Black "Rahman, Md  Taibur"]
[Result "1-0"]
[WhiteElo "2115"]
[BlackElo "2307"]
[PlyCount "77"]
[EventDate "2008.09.28"]
[Source "MonRoi"]

1. e4 c5 2. Nc3 Nc6 3. f4 e6 4. Nf3 d5 5. Bb5 Nf6 6. Qe2 Be7 7. Bxc6+ bxc6 8.
O-O O-O 9. d3 Qb6 10. Kh1 Ba6 11. e5 Nd7 12. f5 Kh8 13. Bg5 Qd8 14. f6 gxf6 15.
exf6 Bxf6 16. Ne5 Bxg5 17. Nxf7+ Rxf7 18. Rxf7 Bc8 19. Raf1 Qg8 20. Na4 Bh6 21.
Nxc5 Qe8 22. Nxd7 Bxd7 23. Qe5+ Kg8 24. Qf6 e5 25. Re7 Qg6 26. Rxd7 Re8 27. Rd8
Qxf6 28. Rxe8+ Kf7 29. Rxf6+ Kxf6 30. g4 c5 31. Kg2 Bc1 32. b3 Bb2 33. Kf3 a5
34. h4 h6 35. c4 e4+ 36. dxe4 d4 37. Ke2 Kf7 38. Ra8 Bc3 39. Ra6 1-0

[Event "COMMONWEALTH CHESS CHAMPIONSHI"]
[Site "Nagpur,India"]
[Date "2008.10.05"]
[Round "10.46"]
[White "Fenil, Shah"]
[Black "Deshmukh, Anup"]
[Result "1-0"]
[WhiteElo "2129"]
[BlackElo "2284"]
[PlyCount "90"]
[EventDate "2008.09.28"]
[Source "MonRoi"]

1. e4 e5 2. Bc4 Nf6 3. d3 d6 4. Nc3 Be7 5. f4 exf4 6. Bxf4 O-O 7. Nf3 c6 8. Bb3
Nbd7 9. d4 b5 10. a3 Ba6 11. Qd2 Nb6 12. e5 Nh5 13. Be3 Qd7 14. exd6 Bxd6 15.
O-O-O Rae8 16. Ne5 Qc7 17. Ne4 Nd5 18. Nxd6 Qxd6 19. Rde1 Bc8 20. Rhf1 Be6 21.
Bg1 f5 22. Nd3 Nhf6 23. Nc5 Bc8 24. Rxe8 Rxe8 25. Re1 Ne4 26. Nxe4 fxe4 27. g3
h6 28. Be3 Kh7 29. Rf1 Be6 30. Bxd5 Qxd5 31. b3 Bg4 32. Qa5 Re7 33. Rf2 Bf3 34.
Qb4 Qd7 35. Kb2 Rf7 36. Qc5 Rf5 37. Qc3 Rd5 38. Kb1 Qd8 39. Qxc6 a5 40. c4 bxc4
41. bxc4 Rd6 42. Qa4 Rb6+ 43. Ka2 Qb8 44. d5 Rb1 45. Qc2 Re1 1-0

[Event "COMMONWEALTH CHESS CHAMPIONSHI"]
[Site "Nagpur,India"]
[Date "2008.10.05"]
[Round "10.48"]
[White "Ophoff, Ja"]
[Black "Raghavi, N."]
[Result "1/2-1/2"]
[WhiteElo "2275"]
[BlackElo "2064"]
[PlyCount "102"]
[EventDate "2008.09.28"]
[Source "MonRoi"]

1. d4 d5 2. c4 e6 3. Nc3 Be7 4. cxd5 exd5 5. Bf4 c6 6. e3 Bf5 7. h3 Nf6 8. g4
Be6 9. Bg2 h6 10. Nge2 Nbd7 11. O-O g5 12. Bh2 h5 13. f4 hxg4 14. f5 gxh3 15.
Bh1 Ng4 16. fxe6 fxe6 17. Qd3 Nf8 18. e4 Nxh2 19. Kxh2 Qd7 20. Rac1 O-O-O 21.
exd5 exd5 22. Nxd5 Bd6+ 23. Ng3 Ne6 24. Nf6 Qg7 25. Nfe4 Bc7 26. Qf3 Nxd4 27.
Qf6 Qxf6 28. Rxf6 Ne2 29. Rc2 Nxg3 30. Nxg3 Rd3 31. Rf3 Rd1 32. Rfc3 Be5 33.
Rf3 Bd4 34. Rfc3 Be5 35. Bf3 Bxc3 36. Bxd1 Be5 37. b4 a6 38. a4 Kc7 39. b5 axb5
40. axb5 Kb6 41. bxc6 bxc6 42. Bf3 c5 43. Rd2 Bf4 44. Rb2+ Kc7 45. Rb3 Kd6 46.
Rd3+ Ke6 47. Kh1 Bxg3 48. Bg4+ Ke5 49. Rxg3 Rh4 50. Kh2 c4 51. Bd1 Kd4 1/2-1/2

[Event "COMMONWEALTH CHESS CHAMPIONSHI"]
[Site "Nagpur,India"]
[Date "2008.10.05"]
[Round "10.49"]
[White "Ramnathan, Balasubramaniam"]
[Black "Gusain, Himal"]
[Result "1/2-1/2"]
[WhiteElo "2271"]
[BlackElo "2108"]
[PlyCount "80"]
[EventDate "2008.09.28"]
[Source "MonRoi"]

1. d4 d5 2. c4 e6 3. Nf3 c6 4. g3 Nf6 5. Bg2 Be7 6. O-O O-O 7. Nc3 Nbd7 8. b3
b6 9. Bb2 Ba6 10. Nd2 Rc8 11. e4 c5 12. exd5 exd5 13. Nxd5 Nxd5 14. Bxd5 Nf6
15. Bg2 cxd4 16. Nf3 b5 17. Nxd4 bxc4 18. Nc6 Rxc6 19. Bxc6 c3 20. Qxd8 Rxd8
21. Bxc3 Bxf1 22. Kxf1 Rc8 23. Bxf6 Bxf6 24. Rc1 g6 25. b4 Rd8 26. Rc2 Rd1+ 27.
Ke2 Rb1 28. Be4 Rb2 29. Rxb2 Bxb2 30. Kd3 Ba3 31. Kc4 Kf8 32. Kb3 Bc1 33. a4
Ke7 34. a5 Bd2 35. Ka4 Be1 36. f4 f6 37. b5 Bf2 38. b6 axb6 39. a6 b5+ 40. Kxb5
Kd6 1/2-1/2

[Event "COMMONWEALTH CHESS CHAMPIONSHI"]
[Site "Nagpur,India"]
[Date "2008.10.05"]
[Round "10.51"]
[White "Mitali, Madhukar Patil"]
[Black "Padmini, Rout"]
[Result "0-1"]
[WhiteElo "2050"]
[BlackElo "2256"]
[PlyCount "72"]
[EventDate "2008.09.28"]
[Source "MonRoi"]

1. b3 e5 2. Bb2 Nc6 3. e3 Nf6 4. Bb5 Bd6 5. Na3 a6 6. Be2 Qe7 7. Nc4 Bc5 8. Nf3
e4 9. Nfe5 Nxe5 10. Nxe5 d6 11. Nc4 b5 12. Na3 d5 13. Nb1 O-O 14. O-O c6 15. f3
exf3 16. Bxf3 Ne4 17. Nc3 Nxd2 18. Re1 Ne4 19. Bxe4 dxe4 20. Qh5 f5 21. Kh1 Be6
22. Re2 Rad8 23. Rae1 Qf7 24. Qg5 h6 25. Qh4 Kh7 26. Rf1 Qe7 27. Qe1 Qg5 28. a3
Bf7 29. h4 Qg6 30. g3 Qe6 31. Ref2 Bh5 32. Kh2 Qg6 33. b4 Bd6 34. Rg1 Bf3 35.
Ne2 Qg4 36. Nd4 Qxh4# 0-1

[Event "COMMONWEALTH CHESS CHAMPIONSHI"]
[Site "Nagpur,India"]
[Date "2008.10.05"]
[Round "10.52"]
[White "Soman, Satchidanand"]
[Black "Rishi, Thariani"]
[Result "1-0"]
[WhiteElo "2251"]
[BlackElo "2021"]
[PlyCount "68"]
[EventDate "2008.09.28"]
[Source "MonRoi"]

1. d4 d5 2. Nf3 c6 3. g3 e6 4. Bg2 Bd6 5. O-O f5 6. b3 Qe7 7. Bb2 Nf6 8. Ne5
O-O 9. c4 Bd7 10. Nd2 Be8 11. Nd3 g5 12. Nf3 g4 13. Nfe5 h5 14. f3 Na6 15. c5
Bb8 16. Bc1 Qg7 17. Bf4 h4 18. Qd2 Kh7 19. gxh4 Rh8 20. Bg5 gxf3 21. exf3 Nd7
22. Nxd7 Bxd7 23. Qe3 Kg8 24. f4 Nc7 25. Rf3 Ne8 26. Rg3 Kf7 27. Ne5+ Bxe5 28.
fxe5 Qh7 29. Bf3 Rg8 30. h5 a5 31. Qf4 a4 32. b4 a3 33. h6 Ra4 34. Bh4 Kf8 1-0

[Event "COMMONWEALTH CHESS CHAMPIONSHI"]
[Site "Nagpur,India"]
[Date "2008.10.05"]
[Round "10.55"]
[White "Peiris, T G M."]
[Black "Annurudha, G C."]
[Result "1-0"]
[WhiteElo "2091"]
[BlackElo "2218"]
[PlyCount "116"]
[EventDate "2008.09.28"]
[Source "MonRoi"]

1. Nc3 g6 2. e4 Bg7 3. Bc4 d6 4. f4 c6 5. Nf3 Nf6 6. d3 O-O 7. O-O a5 8. a4 Na6
9. Qe2 d5 10. Bxa6 Rxa6 11. e5 Ne8 12. h3 f5 13. d4 Nc7 14. b3 Ne6 15. Be3 Ra7
16. Rfb1 Qe8 17. h4 h6 18. g3 b6 19. Qd2 Qd8 20. b4 axb4 21. Rxb4 Ba6 22. Rab1
Rb7 23. Nd1 Qc7 24. Nf2 Rfb8 25. Kg2 Nd8 26. h5 gxh5 27. Rh1 e6 28. Rxh5 Qf7
29. Rh4 Kf8 30. Rb1 Ke8 31. g4 Kd7 32. Nh1 Qg6 33. Ng3 Kc8 34. gxf5 exf5 35.
Rh5 Ne6 36. Nh4 Qg4 37. Nhxf5 Bf8 38. Rh4 Qg6 39. Rbh1 Rh7 40. Qd1 Qe8 41. Rxh6
Rxh6 42. Rxh6 c5 43. Qg4 Qd7 44. Nd6+ Bxd6 45. Qxe6 Qxe6 46. Rxe6 Bf8 47. Re8+
Kb7 48. Rxb8+ Kxb8 49. f5 Bc8 50. Kf3 c4 51. e6 Kc7 52. Bf4+ Kd8 53. Bg5+ Ke8
54. Nh5 Bd6 55. Bf4 Ke7 56. Bxd6+ Kxd6 57. c3 Bb7 58. Ng7 Bc6 1-0

[Event "COMMONWEALTH CHESS CHAMPIONSHI"]
[Site "Nagpur,India"]
[Date "2008.10.05"]
[Round "10.56"]
[White "Majumdar, Chandrasish"]
[Black "Nirmal, E P."]
[Result "1-0"]
[WhiteElo "2050"]
[BlackElo "2211"]
[PlyCount "75"]
[EventDate "2008.09.28"]
[Source "MonRoi"]

1. e4 c5 2. Nf3 Nc6 3. d4 cxd4 4. Nxd4 Nf6 5. Nc3 d6 6. Bc4 Bd7 7. Bb3 g6 8. f3
Bg7 9. Be3 O-O 10. Qd2 Rc8 11. O-O-O Ne5 12. Qe2 Qa5 13. Kb1 a6 14. Bg5 Rfe8
15. Qd2 Qc5 16. Nde2 b5 17. Be3 Qc7 18. Nf4 Qb7 19. Nfd5 Nxd5 20. Qxd5 Bc6 21.
Qd2 a5 22. a3 Rb8 23. Na2 e6 24. Qxa5 d5 25. exd5 Bxd5 26. Qa7 Nxf3 27. Bxd5
exd5 28. gxf3 Qc6 29. Nb4 Qe6 30. Bd4 Bh6 31. Qa6 Rbc8 32. Qxb5 Red8 33. Rhe1
Qf5 34. Qd3 Qh5 35. Bf6 Rd6 36. Be5 Re6 37. Nxd5 Qh4 38. Bg3 1-0

[Event "COMMONWEALTH CHESS CHAMPIONSHI"]
[Site "Nagpur,India"]
[Date "2008.10.05"]
[Round "10.57"]
[White "Vinoth, Kumar"]
[Black "Hardik Mehta"]
[Result "1-0"]
[WhiteElo "2202"]
[BlackElo "2037"]
[PlyCount "55"]
[EventDate "2008.09.28"]
[Source "MonRoi"]

1. e4 c5 2. d3 Nc6 3. g3 g6 4. Bg2 Bg7 5. Nh3 Nf6 6. f3 O-O 7. Nf2 d5 8. Nd2 b6
9. O-O Bb7 10. f4 dxe4 11. dxe4 h5 12. c3 Qc7 13. e5 Nd7 14. g4 hxg4 15. Qxg4
Ncxe5 16. fxe5 Nxe5 17. Qg3 Rad8 18. Nde4 Qc8 19. Bf4 Nc6 20. Qh4 f5 21. Ng5
Rf6 22. Rfe1 e5 23. Bxe5 Nxe5 24. Rxe5 Bxg2 25. Re7 Kf8 26. Rxg7 Kxg7 27. Qh7+
Kf8 28. Qh8+ 1-0

[Event "COMMONWEALTH CHESS CHAMPIONSHI"]
[Site "Nagpur,India"]
[Date "2008.10.05"]
[Round "10.58"]
[White "Ghosh, Diptayan"]
[Black "Thipsay, Bagyashree Sathe"]
[Result "1-0"]
[WhiteElo "2028"]
[BlackElo "2195"]
[PlyCount "105"]
[EventDate "2008.09.28"]
[Source "MonRoi"]

1. d4 d5 2. c4 e5 3. dxe5 d4 4. Nf3 Nc6 5. g3 Nge7 6. Bg2 Ng6 7. O-O Ngxe5 8.
Nxe5 Nxe5 9. b3 Bc5 10. Bb2 O-O 11. Nd2 Nc6 12. Bxc6 bxc6 13. Ne4 Be7 14. Qxd4
Qxd4 15. Bxd4 Bh3 16. Rfd1 f5 17. Nc5 f4 18. Nd3 f3 19. exf3 Rxf3 20. Nf4 Bg4
21. Re1 Bb4 22. Re3 Rxe3 23. Bxe3 Bd6 24. Kg2 g5 25. Nd3 Bf5 26. Rd1 g4 27. Bf4
Be4+ 28. Kf1 Bf3 29. Rd2 Be4 30. Bxd6 cxd6 31. Nf4 Rd8 32. Ke1 Kf7 33. Kd1 d5
34. cxd5 cxd5 35. Kc1 Kf6 36. Kb2 Rd6 37. Ne2 Ke5 38. Nd4 Rh6 39. b4 a6 40. a4
Kd6 41. Nb3 Bf3 42. Nc5 Ke5 43. Kc3 Rc6 44. Kd3 a5 45. Kc3 d4+ 46. Kb3 Kd5 47.
Nd3 Rc3+ 48. Kb2 axb4 49. Nxb4+ Kc4 50. Nc2 Rb3+ 51. Ka2 d3 52. Ne3+ Kb4 53.
Rb2 1-0

[Event "COMMONWEALTH CHESS CHAMPIONSHI"]
[Site "Nagpur,India"]
[Date "2008.10.05"]
[Round "10.59"]
[White "Ankit, R  Rajpara"]
[Black "Mohapatra, Sidhant"]
[Result "1-0"]
[WhiteElo "2194"]
[BlackElo "1995"]
[PlyCount "91"]
[EventDate "2008.09.28"]
[Source "MonRoi"]

1. e4 c5 2. c3 d5 3. exd5 Qxd5 4. d4 e6 5. Nf3 Nf6 6. Bd3 Nc6 7. O-O Be7 8. Be3
cxd4 9. cxd4 O-O 10. Nc3 Qd8 11. a3 b6 12. Qe2 Bb7 13. Rfd1 Re8 14. Rac1 Nd5
15. Bb1 Nxe3 16. fxe3 Rc8 17. Be4 Na5 18. b4 Bxe4 19. Nxe4 Nb7 20. Qa6 Qd5 21.
Ned2 Nd6 22. Rxc8 Nxc8 23. Rc1 Nd6 24. Qxa7 Bg5 25. Re1 Bh6 26. Qxb6 Ne4 27.
Qa5 Qb7 28. Qa4 Rc8 29. Nxe4 Qxe4 30. Qd7 Rf8 31. Kf2 g5 32. h3 g4 33. hxg4
Qxg4 34. Qb7 Bg5 35. Rh1 Qf5 36. Qc6 f6 37. e4 Qg4 38. d5 Qf4 39. Qxe6+ Kh8 40.
Qf5 Qe3+ 41. Kg3 Bh6 42. Kh3 Qf2 43. Nh4 Bf4 44. Ng6+ hxg6 45. Qxg6 Bg5 46.
Kg4+ 1-0

[Event "COMMONWEALTH CHESS CHAMPIONSHI"]
[Site "Nagpur,India"]
[Date "2008.10.05"]
[Round "10.60"]
[White "Mithil, Ajgaonkar"]
[Black "Priya, P."]
[Result "1/2-1/2"]
[WhiteElo "1930"]
[BlackElo "2190"]
[PlyCount "109"]
[EventDate "2008.09.28"]
[Source "MonRoi"]

1. d4 Nf6 2. Nf3 e6 3. Bf4 c5 4. e3 cxd4 5. exd4 b6 6. Nbd2 Bb7 7. Bd3 Be7 8.
c3 O-O 9. O-O d6 10. Re1 Nbd7 11. Qe2 Re8 12. Ba6 Qc7 13. Bxb7 Qxb7 14. Nc4 Qc6
15. Rad1 Rac8 16. Ne3 Nd5 17. Bg3 b5 18. Rc1 Nxe3 19. fxe3 Nb6 20. e4 Na4 21.
Qc2 Rc7 22. Qb3 Qc4 23. Rc2 Nb6 24. Qxc4 bxc4 25. d5 exd5 26. exd5 Rec8 27. Rd2
Bf8 28. Nd4 a6 29. Nf5 Rd7 30. Bf2 Na4 31. Nd4 Rb7 32. Ree2 Nc5 33. Nc6 Nd3 34.
Bg3 g6 35. Na5 Rb5 36. Nxc4 Nc1 37. Re4 f5 38. Red4 Rd8 39. Rc2 Bh6 40. Bf4
Bxf4 41. Rxf4 Nd3 42. Rd4 Nc5 43. Nd2 Re8 44. b4 Na4 45. Nc4 Rd8 46. Rd3 Nb6
47. Nxb6 Rxb6 48. a3 a5 49. c4 axb4 50. Rb3 Rdb8 51. Rcb2 Rc8 52. Rxb4 Ra6 53.
R2b3 Kf7 54. Kf2 Kf6 55. Re3 1/2-1/2

[Event "COMMONWEALTH CHESS CHAMPIONSHI"]
[Site "Nagpur,India"]
[Date "2008.10.05"]
[Round "10.61"]
[White "Santhosbaala, R S."]
[Black "Bhagwat, Vinod"]
[Result "0-1"]
[WhiteElo "1915"]
[BlackElo "2187"]
[PlyCount "58"]
[EventDate "2008.09.28"]
[Source "MonRoi"]

1. e4 c5 2. Nf3 Nc6 3. d3 e6 4. g3 g6 5. d4 cxd4 6. Nxd4 Bg7 7. Nxc6 bxc6 8.
Bg2 Ba6 9. Bf1 Ne7 10. Bxa6 Qa5+ 11. Bd2 Qxa6 12. Bc3 e5 13. Qd6 Nc8 14. Qc7
Nb6 15. Nd2 O-O 16. O-O-O Qxa2 17. b3 d5 18. f4 Rfc8 19. Qd6 Rd8 20. Qe7 Re8
21. Qc7 Rac8 22. Qb7 Rb8 23. Qc7 d4 24. Bb2 exf4 25. gxf4 d3 26. e5 Na4 27. Nc4
Nxb2 28. Nxb2 Qa1+ 29. Kd2 Qxb2 0-1

[Event "COMMONWEALTH CHESS CHAMPIONSHI"]
[Site "Nagpur,India"]
[Date "2008.10.05"]
[Round "10.62"]
[White "Navalgund, Niranjan"]
[Black "Lodhi, Mahmood"]
[Result "1-0"]
[WhiteElo "2091"]
[BlackElo "2379"]
[PlyCount "78"]
[EventDate "2008.09.28"]
[Source "MonRoi"]

1. d4 Nf6 2. Nf3 d5 3. c4 dxc4 4. e3 a6 5. a4 a5 6. Bxc4 Nc6 7. Nc3 Nb4 8. e4
e6 9. Bf4 c6 10. h3 Be7 11. O-O O-O 12. Re1 b6 13. Qe2 Bb7 14. Rad1 Qc8 15. Bh2
Rd8 16. Ne5 Bf8 17. Ng4 Nxg4 18. hxg4 Ba6 19. b3 Ra7 20. Rd2 Rad7 21. Red1 Bb7
22. Bf4 Na6 23. d5 exd5 24. exd5 Nb4 25. d6 Re8 26. Qf3 b5 27. Bf1 c5 28. Qh3
bxa4 29. bxa4 c4 30. Nb5 Re4 31. Bh2 Bc6 32. f3 Bxb5 33. fxe4 Bxa4 34. Rc1 Bb5
35. e5 Qc5+ 36. Kh1 Nc6 37. Qc3 Nd8 38. Bg1 Qc6 39. Bd4 g6 1-0

[Event "COMMONWEALTH CHESS CHAMPIONSHI"]
[Site "Nagpur,India"]
[Date "2008.10.05"]
[Round "10.63"]
[White "Gagare, Shardul"]
[Black "Minhazuddin, Ahmed"]
[Result "1/2-1/2"]
[WhiteElo "2070"]
[BlackElo "2339"]
[PlyCount "54"]
[EventDate "2008.09.28"]
[Source "MonRoi"]

1. c4 Nf6 2. g3 e6 3. Bg2 d5 4. d4 dxc4 5. Nf3 c6 6. O-O Be7 7. Qc2 O-O 8. Qxc4
b5 9. Qc2 Bb7 10. Nbd2 Nbd7 11. Nb3 Qb6 12. Bg5 h6 13. Bxf6 Bxf6 14. Nc5 Nxc5
15. dxc5 Qc7 16. Rfd1 Rad8 17. Ne1 a5 18. Rab1 b4 19. a4 Ba6 20. b3 Bc3 21. Nd3
e5 22. Nb2 Qe7 23. Bxc6 Qxc5 24. Be4 Qc7 25. Bd3 Bc8 26. Bf5 Bb7 27. Be4 Bc8
1/2-1/2

[Event "COMMONWEALTH CHESS CHAMPIONSHI"]
[Site "Nagpur,India"]
[Date "2008.10.05"]
[Round "10.64"]
[White "Anuprita, Patil"]
[Black "Soumya, Swaminathan"]
[Result "0-1"]
[WhiteElo "2068"]
[BlackElo "2293"]
[PlyCount "62"]
[EventDate "2008.09.28"]
[Source "MonRoi"]

1. e4 c5 2. Nc3 d6 3. Bb5+ Nc6 4. Bxc6+ bxc6 5. d3 g6 6. f4 Bg7 7. Nf3 Nh6 8.
O-O f5 9. Qe1 c4 10. dxc4 Ba6 11. exf5 Bxc4 12. Rf2 Ng4 13. Rd2 gxf5 14. Kh1
Qc7 15. Ng5 Qd7 16. Nd1 h6 17. Nf3 O-O-O 18. Ne3 Ba6 19. Nxg4 fxg4 20. Nd4 e5
21. Ne2 Rde8 22. f5 Qxf5 23. Rxd6 Qe4 24. Be3 Qxe3 25. Rxc6+ Kb7 26. Qa5 Kxc6
27. Qxa6+ Qb6 28. Qc4+ Kb7 29. Nc3 Rd8 30. Rf1 Rhf8 31. Re1 Rf4 0-1